| 000 | 01056nam0a22002651 4500 | ||
|---|---|---|---|
| 001 | rc\105828 | ||
| 005 | 20250620183145.0 | ||
| 010 |
_a5-87608-009-8 _940000 |
||
| 035 | _a(NLR Aleph) 005367698 | ||
| 090 |
_a6966620 _c6966620 |
||
| 100 | _a20021216d1993 |||y0rusy50 ca | ||
| 101 | 0 | _arus | |
| 102 | _aRU | ||
| 105 | _aa ||||||||| | ||
| 200 | 1 |
_aМалыш и Карлсон, который живет на крыше _aПеппи-Длинныйчулок _e[Сказоч. повести _eДля детей] _fАстрид Линдгрен _g[Пер. со швед. Л. Лунгиной] |
|
| 210 |
_aНовосибирск _cПредприятие "Вен-Мер" _d1993 |
||
| 215 |
_a489, [1] с., [6] л. цв. ил. _cил. _d21 |
||
| 300 | _aЗагл. пер. и корешка: Сказки | ||
| 604 |
_1700#1$aЛиндгрен$bА.$gАстрид _150010$aСказки$2psbo |
||
| 700 | 1 |
_aЛиндгрен _bА. _f1907- _gАстрид |
|
| 801 | 0 |
_aRU _bNLR _gpsbo |
|
| 801 | 1 |
_aRU _bELAR _2rusmarc |
|
| 852 |
_aNLR _j93-3/7223 |
||
| 942 | _cBOOK | ||
| 980 | _aNB | ||